1185 1062 1498 1330 1410 1450 1957 1530 1213 1797 1246 1093 1623 1409 1236 1545 1249 1450 1480 1631 1221 1646 1854 1087 1685 1660 1629 1490 1142 1236 1709 1800 1389 1707 1031 1760 1419 1431 1581 1340 1401 1196 1754 1280 1584 1274 1298 1251 1324 1557 1296 1609 1722 1988 1557 1568 1327 1989 1450 1977 1786 1327 1326 1772 1537 1006 1646 1549 1654 1670 1865 1170 1002 1272 1427 1487 1500 1297 1393 1476 1399 1765 1097 1412 1850 1964 1320 1905 1291 1775 1426 1932 1076 1753 1298 1400 1712 1741 1478 BCNSPRNW ULIB Ver.6.0+V

เปลี่ยนเป็นภาษาไทย

Change to English
 แสดงรายละเอียดบรรณานุกรม
  กลับหน้าหลัก

Brief Record : Get Marc (ISO 2709) : E-mail record : QR code < ปิดหน้าต่าง
LEADER : 00000nam 2200000uu 4500
001    13399112025
003     ULIB
008    110627s2553||||th 000 0 tha d
020    9786167081502
090    นว.^bท378อ 2553
100 0  ทานตะวัน
245 00 อุบัติเสน่หา/^cทานตะวัน
250    พิมพ์ครั้งที่ 1
260    กรุงเทพฯ :^bสมาร์ทบุ๊ค,^c2553
300    432 หน้า
710 1  สมาร์ทบุ๊ค
945    ^p270^l0^i028017
995    ทศพร
999 ^a ใช้งานได้ทุกระบบ
รายการนี้ยังไม่มีแท็ก
คุณยังไม่ได้ล็อกอิน คุณสามารถมีกิจกรรมร่วมกับเว็บไซต์ได้ แต่ต้องล็อกอินก่อน ::
  ล็อกอิน

รายการสื่อสารสนเทศ

ลำดับที่ ประเภท เลขเรียก/บาร์โค้ด สถานที่ สถานะ
- ไม่พบข้อมูล -

BibComment


ยังไม่เคยถูกคอมเมนท์

คอมเมนท์ทรัพยากรรายการนี้
  คอมเมนท์: อุบัติเสน่หา ทานต..


 Copyright 2026. Bcnsprnw @Library